000 00940nam a2200277 i 4500
001 11584
003 KOSZ 005
005 20210525100549.0
008 071016s1968 pl a f 001 0 pol
015 _aPB 1968/10577
040 _aWA N
_cWA N
_dKOSZ 005/RW
_dKOSZ 005/HR
046 _k1968
080 _a159.94
100 1 _aReykowski, Janusz
_d(1929- )
_eAutor
245 1 0 _aEksperymentalna psychologia emocji /
_cJanusz Reykowski.
260 _aWarszawa :
_b"Książka i Wiedza",
_c1968.
300 _a565, [3] s. :
_bil., err. ;
_c23 cm.
380 _aKsiążki.
504 _aBibliogr. s. 521-[541]. Indeks.
650 4 _aUczucia
650 4 _aEmocje podstawowe
658 _aPsychologia
710 2 _aSpółdzielnia Wydawniczo-Handlowa "Książka i Wiedza"
_4pbl.
856 _uhttp://koha.tu.koszalin.pl/cgi-bin/koha/opac-detail.pl?biblionumber=11584
_yKatalog online BPK
942 _2UKD
_cKS
999 _c11584
_d11584